000 00896nam a2200289Ia 4500
003 GCL
008 140319s9999 xx 000 0 ara d
020 _a6062610977
040 _aGCL /
_cGCL
082 0 4 _a190
_bم د
100 1 _aمحمود حمدى زقزوق (مراجع)
245 1 0 _aدراسات فى الفلسفة الحديثة /
_cمحمود حمدى زقزوق (مراجع)
250 _aالثالثة
260 _aالقاهرة :
_bدار الفكر العربى ،
_c1993
300 _a241 ص ؛
_c24 سم
650 0 4 _aالفلسفة
650 0 4 _aالوجودية
650 0 4 _aنظريات
650 0 4 _aالفلسفة العقلية
650 0 4 _aالفلسفة الحديثة
650 0 4 _aالفلاسفة
650 0 4 _aالشك
650 0 4 _aديكارت
650 0 4 _aاليقين
650 0 4 _aعصر النهضة (1300 - 1494)
942 _2ddc
_cBK
999 _c27616
_d27616